02320cam a2200361 a 450000100090000000300040000900500170001300700150003000800410004501000170008604000200010302000270012302000240015002000260017402000230020005000170022307200250024007200250026507200250029008200120031510000460032724500890037326000420046230000390050450400510054350504820059452006850107653800360176153800470179765000220184465500220186685600700188800012755WSP20260416153410.0cr bnu|||unuuu080128s2022 si a ob 001 0 eng d a 2008299831 aWSPCbengcWSPC a9789811253300q(ebook) a9811253307q(ebook) a9789811253294q(hbk.) a9811253293q(hbk.)00aQC760b.B282 7aSCIx0220002bisacsh 7aSCIx0400002bisacsh 7aTECx0410002bisacsh00a5372221 aBarrett, T. W.q(Terence William),d1939-10aTopological foundations of electromagnetism :bsecond edition /cTerence W. Barrett. aSingapore :bWorld Scientific,c2022. a1 online resource (376 p.) :bill. aIncludes bibliographical references and index.0 aPreface -- Electromagnetic phenomena not explained by Maxwell's equations -- Sagnac effect: a consequence of conservation of action due to gauge field global conformal invariance in a multiply-joined topology of coherent fields -- Topological approaches to electromagnetism -- Orthogonal signal spectrum overlay -- Polarization and axis modulated ultrawideband signal transmission -- Geometric (Clifford) algebra: transmission through disturbed media and transient wave states.1 a"The aims of the book are: (1) to extend Maxwell theory to non-Abelian group forms; (2) to demonstrate that the foundations of electromagnetism are topological; (3) to show the multi-disciplinary nature of communications; (4) to demonstrate the effectiveness of modulated signals in penetrating media; (5) to demonstrate that geometric (Clifford) algebra is the appropriate algebra describing modulated signals. The book is important in indicating that the classical theory of electromagnetism, or Maxwell theory, can be developed to address situations and signals of differing symmetry form, and that different topological spaces require that development"--cPublisher's website. aMode of access: World Wide Web. aSystem requirements: Adobe Acrobat reader. 0aElectromagnetism. 0aElectronic books.40uhttps://www.worldscientific.com/worldscibooks/10.1142/12755#t=toc